Loading...

Balkrishna Sharma Navin /

Bibliographic Details
Main Author: Mithr, Bhavaniprasad
Format: Printed Book
Language:Hindi
Published: Rajpal and Sons , 1967.
Subjects:
LEADER 00510nam a2200157Ia 4500
008 150624b xxu||||| |||| 00| p hin d
082 |a 861.61508 
100 |a Mithr, Bhavaniprasad 
245 |c Bhavaniprasad Mithr  |a Balkrishna Sharma Navin / 
260 |b Rajpal and Sons ,  |c 1967. 
300 |a 126 p. 
546 |a In Hindi. 
650 |v Poetry 
942 |c BK 
999 |c 87433  |d 87433 
952 |0 1  |1 0  |4 0  |6 861_615080000000000_MIS_B_H  |7 0  |9 87377  |a UL  |b UL  |c ST1  |d 1998-09-15  |l 0  |o 861.61508 MIS/B H  |p 4590  |r 2012-10-27  |w 2012-10-27  |y BK